| 000 | 00708nam a2200253Ia 4500 | ||
|---|---|---|---|
| 003 | OSt | ||
| 005 | 20220928112107.0 | ||
| 006 | a|||||r|||| 00| 0 | ||
| 007 | ta | ||
| 008 | 220927b |||||||| |||| 00| 0 eng d | ||
| 024 | _a68190 | ||
| 037 | _cTextual | ||
| 040 |
_aSDCL _cSDCL _beng |
||
| 041 |
_2eng _aeng |
||
| 082 | _aB36M, P5 | ||
| 100 |
_aKomornik Vilmos _9426323 |
||
| 245 | 0 | _aFouries series in control theory. | |
| 260 |
_aNew York _b Springer _c2005 |
||
| 300 |
_aix,226p,Bibp217-24 _ccm. |
||
| 490 | _aSpringer monographs in mathematics | ||
| 700 |
_a Loreti Paola _9426324 |
||
| 942 |
_hB36M, P5 _cTEXL _2CC |
||
| 999 |
_c743291 _d743291 |
||